छोर / (Record no. 117546)

MARC details
000 -LEADER
fixed length control field 01118nam a22002657a 4500
005 - DATE AND TIME OF LATEST TRANSACTION
control field 20170124103057.0
010 ## - LIBRARY OF CONGRESS CONTROL NUMBER
LC control number A-594229
020 ## - INTERNATIONAL STANDARD BOOK NUMBER
Terms of availability 125.00
International Standard Book Number 8126708824
035 ## - SYSTEM CONTROL NUMBER
System control number A-594229
037 ## - SOURCE OF ACQUISITION
Source of stock number/acquisition Cen Lib/Ret
040 ## - CATALOGING SOURCE
Original cataloging agency DPL
Language of cataloging HN
082 ## - DEWEY DECIMAL CLASSIFICATION NUMBER
Classification number
Item number भैरप्पा
100 ## - MAIN ENTRY--PERSONAL NAME
Personal name भैरप्पा, एस.एल
9 (RLIN) 75303
245 ## - TITLE STATEMENT
Title छोर /
Statement of responsibility, etc एस.एल भैरप्पा ; अनुवादक भालचंद्र जयशेट्टी
246 ## - VARYING FORM OF TITLE
Title proper/short title Chor /
Remainder of title by S.L. Bhairappa ; anuvadak Bhaalchndra Jayshetty
260 ## - PUBLICATION, DISTRIBUTION, ETC. (IMPRINT)
Place of publication, distribution, etc दिल्ली
Name of publisher, distributor, etc शब्दकार
Date of publication, distribution, etc 1992
270 ## - ADDRESS
Address 159, गुरु अंगद नगर
City दिल्ली
Postal code 110092
300 ## - PHYSICAL DESCRIPTION
Extent 362पृ.
Dimensions 19सेमी (सजिल्द)
650 ## - SUBJECT ADDED ENTRY--TOPICAL TERM
Topical term or geographic name as entry element साहित्य--उपन्यास
9 (RLIN) 75304
650 ## - SUBJECT ADDED ENTRY--TOPICAL TERM
Topical term or geographic name as entry element हिन्दी -- उपन्यास
9 (RLIN) 75305
650 ## - SUBJECT ADDED ENTRY--TOPICAL TERM
Topical term or geographic name as entry element Literature--Fiction
9 (RLIN) 75306
650 ## - SUBJECT ADDED ENTRY--TOPICAL TERM
Topical term or geographic name as entry element Hindi -- Fiction
9 (RLIN) 27248
700 ## - ADDED ENTRY--PERSONAL NAME
Personal name जयशेट्टी, भालचंद्र
9 (RLIN) 75307
942 ## - ADDED ENTRY ELEMENTS (KOHA)
Source of classification or shelving scheme Dewey Decimal Classification
Koha item type Hindi Books
Classification part
Call number suffix भैरप्पा
Holdings
Withdrawn status Lost status Damaged status Not for loan Home library Current library Date acquired Source of acquisition Cost, normal purchase price Total Checkouts Full call number Barcode Date last seen Date checked out Copy number Cost, replacement price Price effective from Koha item type
        Central Library Central Library 07/09/2015 Cen Lib/Ref 125.00 4 उ भैरप्पा A-594229 06/08/2025 24/07/2025 1 125.00 07/09/2015 Hindi Books

© Delhi Public Library
Hit Counter
free hit counter